Risk: (Record no. 6886)
[ view plain ]
| 000 -LEADER | |
|---|---|
| fixed length control field | 00773nam a2200217 4500 |
| 008 - FIXED-LENGTH DATA ELEMENTS--GENERAL INFORMATION | |
| fixed length control field | 170516b xxu||||| |||| 00| 0 eng d |
| 020 ## - INTERNATIONAL STANDARD BOOK NUMBER | |
| International Standard Book Number | 0-7450-1592-1 |
| 082 ## - DEWEY DECIMAL CLASSIFICATION NUMBER | |
| Edition number | 1995 |
| Classification number | DC 338.5 |
| Item number | Ee4 |
| 100 ## - MAIN ENTRY--PERSONAL NAME | |
| 9 (RLIN) | 20828 |
| Personal name | Eeckhoudt, Louis |
| 245 ## - TITLE STATEMENT | |
| Title | Risk: |
| Remainder of title | evaluation, management and sharing/ |
| Statement of responsibility, etc. | Louis Eeckhoudt and Christian Gollier; translated by Val Lambson. |
| 260 ## - PUBLICATION, DISTRIBUTION, ETC. (IMPRINT) | |
| Place of publication, distribution, etc. | New York: |
| Name of publisher, distributor, etc. | Harvester Wheatsheaf, |
| Date of publication, distribution, etc. | c1995. |
| 300 ## - PHYSICAL DESCRIPTION | |
| Extent | xviii, 347 pages: |
| Other physical details | illustrations; |
| Dimensions | 23 cm. |
| 500 ## - GENERAL NOTE | |
| General note | Includes bibliographical references and index. |
| 650 #0 - SUBJECT ADDED ENTRY--TOPICAL TERM | |
| 9 (RLIN) | 20829 |
| Topical term or geographic name as entry element | Risk |
| 650 #0 - SUBJECT ADDED ENTRY--TOPICAL TERM | |
| 9 (RLIN) | 20830 |
| Topical term or geographic name as entry element | Risk assessment |
| 650 #0 - SUBJECT ADDED ENTRY--TOPICAL TERM | |
| 9 (RLIN) | 20831 |
| Topical term or geographic name as entry element | Risk management |
| 700 ## - ADDED ENTRY--PERSONAL NAME | |
| 9 (RLIN) | 20832 |
| Personal name | Gollier, Christian |
| 700 ## - ADDED ENTRY--PERSONAL NAME | |
| 9 (RLIN) | 20833 |
| Personal name | Lambson, Val Eugene |
| Relator term | translator |
| 365 ## - TRADE PRICE | |
| Price amount | 1,152.00 |
| Currency code | Php |
| 942 ## - ADDED ENTRY ELEMENTS (KOHA) | |
| Source of classification or shelving scheme | Dewey Decimal Classification |
| Koha item type | Circulation |
| Withdrawn status | Lost status | Source of classification or shelving scheme | Damaged status | Not for loan | Collection code | Home library | Current library | Date acquired | Source of acquisition | Cost, normal purchase price | Total Checkouts | Full call number | Barcode | Date last seen | Copy number | Price effective from | Koha item type |
|---|---|---|---|---|---|---|---|---|---|---|---|---|---|---|---|---|---|
| Dewey Decimal Classification | Circulation | UM Digos College - LIC | UM Digos College - LIC | Purchased | 1152.00 | DC 338.5 Ee4 1995 | 14161 | 05/15/2025 | 1 | 05/16/2017 | Circulation |
